[Event "CZE-chT2D 2223"]
[White "Machlowski, Slawomir"]
[Black "Flasar, Jaroslav"]
[Site "Czech Republic"]
[Round "10.4"]
[Result "0-1"]
[Date "2023.03.05"]
[WhiteElo "2001"]
[BlackElo "2048"]
[PlyCount "98"]
[EventDate "2022.10.16"]
[EventType "team-tourn"]
[EventRounds "11"]
[EventCountry "CZE"]
[SourceTitle "EXT 2024"]
[Source "ChessBase"]
[SourceDate "2023.10.10"]
[SourceVersion "1"]
[SourceVersionDate "2023.10.10"]
[SourceQuality "1"]
[WhiteTeam "Rychnov nad Kneznou Panda"]
[BlackTeam "Lipa"]
[WhiteTeamCountry "CZE"]
[BlackTeamCountry "CZE"]

1. g3 d6 2. Bg2 Nf6 3. Nf3 g6 4. c4 c5 5. d4 cxd4 6. Nxd4 Bg7 7. 0-0 0-0 8. b3 Qb6 9. Bb2 Nc6 10. Nc2 Bf5 11. Nc3 Rac8 12. Ne3 Be6 13. Rb1 Rfd8 14. Ncd5 Bxd5 15. Nxd5 Nxd5 16. Bxd5 e6 17. Bg2 Qc5 18. Qc1 b5 19. Bxg7 Kxg7 20. Qb2+ Kg8 21. b4 Qb6 22. Rfc1 bxc4 23. Rxc4 Ne5 24. Rc2 Ng4 25. e3 Ne5 26. a3 Qa6 27. Rxc8 Rxc8 28. Rc1 Rxc1+ 29. Qxc1 Qe2 30. Qc8+ Kg7 31. Qc3 Kh6 32. Bf1 Qh5 33. Kg2 Qf3+ 34. Kg1 Qd1 35. Kg2 Qd5+ 36. Kg1 Nf3+ 37. Kg2 Ne5+ 38. Kg1 Qe4 39. Be2 Qb1+ 40. Kg2 Qa2 41. Bd1 Qd5+ 42. e4 Qxd1 43. Qe3+ Kg7 44. Qxa7 Qf3+ 45. Kg1 Qxe4 46. Qe3 Qxe3 47. fxe3 Kf6 48. Kf2 Ke7 49. Ke2 Kd7 0-1

[Event "CZE-chT2D 2223"]
[White "Machlowski, Slawomir"]
[Black "Sohr, Vladimir"]
[Site "Czech Republic"]
[Round "8.4"]
[Result "1/2-1/2"]
[Date "2023.02.05"]
[WhiteElo "2001"]
[BlackElo "2069"]
[PlyCount "170"]
[EventDate "2022.10.16"]
[EventType "team-tourn"]
[EventRounds "11"]
[EventCountry "CZE"]
[SourceTitle "EXT 2024"]
[Source "ChessBase"]
[SourceDate "2023.10.10"]
[SourceVersion "1"]
[SourceVersionDate "2023.10.10"]
[SourceQuality "1"]
[WhiteTeam "Rychnov nad Kneznou Panda"]
[BlackTeam "Zabreh"]
[WhiteTeamCountry "CZE"]
[BlackTeamCountry "CZE"]

1. g3 d5 2. Nf3 c5 3. Bg2 Nc6 4. d4 Nf6 5. 0-0 e6 6. c4 dxc4 7. Ne5 Nxe5 8. dxe5 Qxd1 9. Rxd1 Nd7 10. f4 Rb8 11. a4 Be7 12. Na3 0-0 13. Nxc4 Nb6 14. Na5 Rd8 15. Be3 Rxd1+ 16. Rxd1 Nxa4 17. b3 Nc3 18. Rd2 Kf8 19. Rc2 Nd5 20. Bxd5 exd5 21. Bxc5 Bxc5+ 22. Rxc5 b6 23. Nc6 bxc5 24. Nxb8 c4 25. bxc4 dxc4 26. Kf2 Bg4 27. Nc6 c3 28. Ke3 c2 29. Kd2 Bxe2 30. Nxa7 h5 31. Nc6 g6 32. Kxc2 Kg7 33. Kc3 Bf3 34. Nb4 Kh6 35. Kd4 h4 36. Ke3 Bd1 37. Nd3 hxg3 38. hxg3 Bb3 39. g4 Bc2 40. Nf2 Bb1 41. Kf3 Bc2 42. Ne4 Bd1+ 43. Kg3 Bc2 44. Nf6 Kg7 45. Kf3 Bd1+ 46. Ke4 Kf8 47. Kd4 Ke7 48. Ke3 Ke6 49. Kd4 Bf3 50. Ke3 Bd1 51. Ke4 Bc2+ 52. Kf3 Bd1+ 53. Kg3 g5 54. Ne4 gxf4+ 55. Kxf4 Bxg4 56. Ng5+ Kd5 57. Nxf7 Bh3 58. Ng5 Bc8 59. Nh7 Bh3 60. Nf8 Bc8 61. Ng6 Ke6 62. Nh4 Bb7 63. Nf5 Bd5 64. Nd4+ Kf7 65. Ke3 Bg2 66. Kd3 Bf1+ 67. Kc3 Ke7 68. Kb4 Kd7 69. Kc5 Bg2 70. Ne2 Bf3 71. Nf4 Bd1 72. Kd4 Bb3 73. Ke4 Bc2+ 74. Kd4 Bb3 75. Nd3 Ba2 76. Nc5+ Ke7 77. Na4 Bb1 78. Nc3 Bc2 79. Nd5+ Ke6 80. Nf4+ Ke7 81. Kd5 Bb3+ 82. Kd4 Bc2 83. Kc5 Bb3 84. Ng6+ Kf7 85. Nf4 Ke7 1/2-1/2

[Event "CZE-chT2D 2223"]
[White "Danek, Pavel"]
[Black "Machlowski, Slawomir"]
[Site "Czech Republic"]
[Round "6.5"]
[Result "1-0"]
[Date "2023.01.08"]
[WhiteElo "1812"]
[BlackElo "2001"]
[PlyCount "73"]
[EventDate "2022.10.16"]
[EventType "team-tourn"]
[EventRounds "11"]
[EventCountry "CZE"]
[SourceTitle "EXT 2024"]
[Source "ChessBase"]
[SourceDate "2023.10.10"]
[SourceVersion "1"]
[SourceVersionDate "2023.10.10"]
[SourceQuality "1"]
[WhiteTeam "Vysoke Myto"]
[BlackTeam "Rychnov nad Kneznou Panda"]
[WhiteTeamCountry "CZE"]
[BlackTeamCountry "CZE"]

1. d4 c5 2. c3 d5 3. Nf3 Nf6 4. Bf4 Qb6 5. Qb3 Nc6 6. e3 Bf5 7. dxc5 Qxb3 8. axb3 Bxb1 9. Rxb1 a5 10. Ra1 Rc8 11. Bb5 Nd7 12. Bxc6 Rxc6 13. b4 Ra6 14. b5 Ra7 15. b4 g5 16. Bc7 a4 17. Ra3 Bg7 18. Kd2 Nf6 19. Nd4 0-0 20. f3 Nd7 21. Rha1 b6 22. cxb6 Rb7 23. Rxa4 Nxb6 24. Bxb6 Rxb6 25. Ra8 e6 26. Rxf8+ Kxf8 27. Ra8+ Ke7 28. Nc6+ Kf6 29. Rb8 Rxb8 30. Nxb8 Ke7 31. Kd3 Kd6 32. Nc6 Kc7 33. e4 Kb6 34. exd5 exd5 35. Ne7 d4 36. c4 Bf8 37. Nd5+ 1-0

[Event "CZE-chT2D 2223"]
[White "Machlowski, Slawomir"]
[Black "Grundman, Vaclav"]
[Site "Czech Republic"]
[Round "3.4"]
[Result "1-0"]
[Date "2022.11.20"]
[WhiteElo "2001"]
[BlackElo "2054"]
[PlyCount "83"]
[EventDate "2022.10.16"]
[EventType "team-tourn"]
[EventRounds "11"]
[EventCountry "CZE"]
[SourceTitle "EXT 2024"]
[Source "ChessBase"]
[SourceDate "2023.10.10"]
[SourceVersion "1"]
[SourceVersionDate "2023.10.10"]
[SourceQuality "1"]
[WhiteTeam "Rychnov nad Kneznou Panda"]
[BlackTeam "Usti nad Orlici"]
[WhiteTeamCountry "CZE"]
[BlackTeamCountry "CZE"]

1. g3 f5 2. d4 Nf6 3. c4 g6 4. Bg2 Bg7 5. Nc3 0-0 6. Nh3 d6 7. Nf4 Qe8 8. Nfd5 Na6 9. Nxf6+ Bxf6 10. Bh6 Rf7 11. Nd5 Bh8 12. Nc3 c6 13. d5 Nc5 14. Rc1 a5 15. dxc6 bxc6 16. Be3 Nb7 17. Qb3 e5 18. Qb6 Nd8 19. Bg5 Bd7 20. Nb5 cxb5 21. Bxa8 Ne6 22. Bd5 Nxg5 23. Bxf7+ Nxf7 24. cxb5 Bxb5 25. Rc7 Bf6 26. Qb7 Nd8 27. Qd5+ Ne6 28. 0-0 Bd8 29. Rc8 Bd7 30. Rb8 Kg7 31. Rd1 Kf6 32. Qxd6 Bc7 33. Rxe8 Bxd6 34. Ra8 Ke7 35. Rxa5 Nd4 36. Kf1 h5 37. h4 Be6 38. Ra7+ Kf6 39. Ra6 Ke7 40. b3 Bd7 41. Rxd6 Kxd6 42. e3 1-0

[Event "CZE-chT2D 2223"]
[White "Machlowski, Slawomir"]
[Black "Novak, Radomir"]
[Site "Czech Republic"]
[Round "1.6"]
[Result "0-1"]
[Date "2022.10.16"]
[WhiteElo "2001"]
[BlackElo "2084"]
[PlyCount "68"]
[EventDate "2022.10.16"]
[EventType "team-tourn"]
[EventRounds "11"]
[EventCountry "CZE"]
[SourceTitle "EXT 2024"]
[Source "ChessBase"]
[SourceDate "2023.10.10"]
[SourceVersion "1"]
[SourceVersionDate "2023.10.10"]
[SourceQuality "1"]
[WhiteTeam "Rychnov nad Kneznou Panda"]
[BlackTeam "Hradec Kralove Slavia"]
[WhiteTeamCountry "CZE"]
[BlackTeamCountry "CZE"]

1. g3 d5 2. Nf3 c6 3. c4 Nf6 4. Bg2 Bf5 5. 0-0 e6 6. cxd5 exd5 7. d3 Be7 8. Qc2 0-0 9. Nc3 Qc8 10. Re1 Na6 11. a3 Bh3 12. Bh1 h6 13. e4 dxe4 14. dxe4 Rd8 15. b4 Nc7 16. Na4 Ne6 17. Bb2 b5 18. Nc3 a5 19. bxa5 Rxa5 20. Rec1 Qa6 21. e5 Ne8 22. a4 b4 23. Ne4 c5 24. Bg2 Bxg2 25. Kxg2 Qc6 26. Kg1 Rda8 27. Nd4 Nxd4 28. Bxd4 c4 29. Nd6 Bxd6 30. exd6 c3 31. Rd1 Nxd6 32. Qe2 Nf5 33. Qg4 c2 34. Rdc1 Qc4 0-1

[Event "POL-chT 2nd League"]
[White "Machlowski, Slawomir"]
[Black "Chalupnik, Marcin"]
[Site "Jastrzebia Gora"]
[Round "3.69"]
[Result "1/2-1/2"]
[Date "2022.09.05"]
[WhiteElo "2005"]
[BlackElo "2135"]
[PlyCount "87"]
[EventDate "2022.09.03"]
[EventType "team-swiss"]
[EventRounds "9"]
[EventCountry "POL"]
[SourceTitle "CBM 210 Extra"]
[Source "ChessBase"]
[SourceDate "2022.11.30"]
[SourceVersion "1"]
[SourceVersionDate "2022.11.30"]
[SourceQuality "1"]
[WhiteTeam "Radkow Giecek"]
[BlackTeam "Warszawa YMCA"]
[WhiteTeamCountry "POL"]
[BlackTeamCountry "POL"]

1. g3 Nf6 2. Bg2 g6 3. b3 Bg7 4. Bb2 d6 5. d4 0-0 6. Nf3 Nbd7 7. 0-0 e5 8. c4 Re8 9. e3 exd4 10. Nxd4 c6 11. Nc3 a5 12. Qc2 Nc5 13. Rad1 Qb6 14. Ba3 Bg4 15. Rd2 Rad8 16. h3 Bc8 17. Rfd1 h5 18. Kh2 Qc7 19. Ndb5 cxb5 20. Nxb5 Qe7 21. Nxd6 b6 22. Nxe8 Rxe8 23. e4 h4 24. Rd6 hxg3+ 25. fxg3 Nh5 26. Rxb6 Be5 27. Rd5 Nxg3 28. Kg1 Ngxe4 29. Qxe4 Qc7 30. Rxc5 Qxb6 31. Kh1 Bf5 32. Rxe5 Bxe4 33. Rxe8+ Kh7 34. Rxe4 Qf2 35. Be7 f5 36. Bh4 Qxa2 37. Re7+ Kh6 38. Bf6 g5 39. Rb7 Qf2 40. Bc3 Qe3 41. Bg7+ Kg6 42. Bb2 f4 43. Rg7+ Kh6 44. Rf7 1/2-1/2

[Event "CZE-chT2D 2122"]
[White "Machlowski, Slawomir"]
[Black "Jares, Michal"]
[Site "Czech Republic"]
[Round "5.4"]
[Result "1/2-1/2"]
[Date "2021.12.19"]
[WhiteElo "2033"]
[BlackElo "2141"]
[PlyCount "166"]
[EventDate "2021.10.17"]
[EventType "team-tourn"]
[EventRounds "11"]
[EventCountry "CZE"]
[SourceTitle "EXT 2025"]
[Source "ChessBase"]
[SourceDate "2024.10.14"]
[SourceVersion "1"]
[SourceVersionDate "2024.10.14"]
[SourceQuality "1"]
[WhiteTeam "Rychnov nad Kneznou Panda"]
[BlackTeam "Polabiny III"]
[WhiteTeamCountry "CZE"]
[BlackTeamCountry "CZE"]

1. g3 c5 2. Bg2 g6 3. c4 Bg7 4. Nc3 Nf6 5. Nh3 0-0 6. Nf4 Nc6 7. 0-0 d6 8. d3 Bd7 9. Bd2 a6 10. Rc1 b5 11. b3 b4 12. Ncd5 a5 13. Nxf6+ Bxf6 14. Nd5 Bg7 15. Bg5 h6 16. Bd2 e6 17. Nf4 a4 18. e3 axb3 19. axb3 Ra3 20. Rb1 Qb6 21. d4 cxd4 22. exd4 Bxd4 23. Bc1 Ra2 24. Ne2 Bg7 25. Qxd6 Rxe2 26. Qxd7 Nd4 27. Qb7 Qxb7 28. Bxb7 Rc2 29. Kg2 Rc3 30. Be3 Nxb3 31. Ba6 Rb8 32. Bb5 Bf8 33. Rfd1 Na5 34. Bd2 Rd3 35. Be1 Rxd1 36. Rxd1 Rc8 37. Rb1 Nxc4 38. Bxb4 Bxb4 39. Rxb4 Rb8 40. Rxc4 Rxb5 41. Rc2 Kg7 42. Kf3 Rd5 43. Ke3 Ra5 44. Rb2 Ra4 45. Kf3 g5 46. h3 Kg6 47. Rc2 Ra3+ 48. Kg2 h5 49. Rc4 f6 50. Rb4 Rd3 51. Ra4 e5 52. Ra8 Rd7 53. Kf3 Rd3+ 54. Kg2 e4 55. Ra4 e3 56. fxe3 Rxe3 57. Rb4 Re2+ 58. Kg1 Kf5 59. Ra4 Ke5 60. Rb4 f5 61. Ra4 Rd2 62. Rb4 Rd4 63. Rb2 Ke4 64. Kf2 h4 65. Re2+ Kd5 66. Re3 Rd2+ 67. Kg1 Kd4 68. Ra3 Ke4 69. gxh4 gxh4 70. Kf1 Rd3 71. Ra4+ Kf3 72. Ke1 Kg3 73. Ke2 Rb3 74. Ra5 f4 75. Rg5+ Kxh3 76. Rg8 Rg3 77. Rf8 Kg2 78. Rxf4 h3 79. Rf2+ Kg1 80. Rf1+ Kh2 81. Rf2+ Rg2 82. Kf1 Kh1 83. Rf8 h2 1/2-1/2

[Event "CZE-chT2D 2122"]
[White "Rousar, Zdenek"]
[Black "Machlowski, Slawomir"]
[Site "Czech Republic"]
[Round "4.6"]
[Result "1-0"]
[Date "2021.12.05"]
[WhiteElo "1838"]
[BlackElo "2033"]
[PlyCount "89"]
[EventDate "2021.10.17"]
[EventType "team-tourn"]
[EventRounds "11"]
[EventCountry "CZE"]
[SourceTitle "EXT 2025"]
[Source "ChessBase"]
[SourceDate "2024.10.14"]
[SourceVersion "1"]
[SourceVersionDate "2024.10.14"]
[SourceQuality "1"]
[WhiteTeam "Chrudim"]
[BlackTeam "Rychnov nad Kneznou Panda"]
[WhiteTeamCountry "CZE"]
[BlackTeamCountry "CZE"]

1. e4 e6 2. d4 c5 3. d5 exd5 4. exd5 d6 5. c4 Ne7 6. Bd3 Ng6 7. Ne2 Bg4 8. f3 Bd7 9. Nbc3 Na6 10. 0-0 Be7 11. a3 Nc7 12. f4 Bg4 13. h3 Bxe2 14. Qxe2 0-0 15. Qh5 Bf6 16. Rf3 Ne8 17. Ne4 Bd4+ 18. Kh1 Nf6 19. Nxf6+ Bxf6 20. Rb1 Qa5 21. b4 cxb4 22. axb4 Qa2 23. c5 Rac8 24. Be3 Rfd8 25. Rc1 dxc5 26. Bc4 Qb2 27. d6 Rxd6 28. bxc5 Rdd8 29. Rff1 Qa3 30. Bg1 Rd2 31. Bh2 Rf8 32. Rfd1 Qe3 33. Rxd2 Qxd2 34. Rd1 Qc2 35. Qd5 Nh4 36. Rd2 Qb1+ 37. Rd1 Qc2 38. Rd2 Qc3 39. Rd3 Qe1+ 40. Bg1 Qc1 41. Re3 h6 42. Re8 Rxe8 43. Qxf7+ Kh8 44. Qxe8+ Kh7 45. Bg8+ 1-0

[Event "CZE-chT2D 2122"]
[White "Ptacek, Lubos"]
[Black "Machlowski, Slawomir"]
[Site "Czech Republic"]
[Round "3.5"]
[Result "1-0"]
[Date "2021.11.21"]
[WhiteElo "2041"]
[BlackElo "2033"]
[PlyCount "77"]
[EventDate "2021.10.17"]
[EventType "team-tourn"]
[EventRounds "11"]
[EventCountry "CZE"]
[SourceTitle "EXT 2025"]
[Source "ChessBase"]
[SourceDate "2024.10.14"]
[SourceVersion "1"]
[SourceVersionDate "2024.10.14"]
[SourceQuality "1"]
[WhiteTeam "Vysoke Myto"]
[BlackTeam "Rychnov nad Kneznou Panda"]
[WhiteTeamCountry "CZE"]
[BlackTeamCountry "CZE"]

1. e4 e6 2. d4 c5 3. Nf3 cxd4 4. Nxd4 Qb6 5. Nb3 Qc7 6. Nc3 a6 7. Bd3 d6 8. 0-0 Nf6 9. Be3 Nbd7 10. f4 b6 11. Qe1 Bb7 12. Qg3 h5 13. Rae1 Ng4 14. Bd2 Nc5 15. h3 Nf6 16. Nxc5 Qxc5+ 17. Be3 Qc7 18. e5 Nd5 19. Nxd5 Bxd5 20. c4 Bc6 21. f5 0-0-0 22. fxe6 fxe6 23. Bg6 dxe5 24. Rf7 Rd7 25. Ref1 Be7 26. Rxg7 Bh4 27. Rxd7 Bxg3 28. Rxc7+ Kxc7 29. Rf7+ Kd6 30. Bxb6 h4 31. b4 Bd5 32. Bc5+ Kc6 33. cxd5+ exd5 34. Rf6+ Kb7 35. Rb6+ Kc7 36. Rxa6 d4 37. Be4 Kd7 38. Kf1 Rg8 39. Ke2 1-0

[Event "POL-chT 2nd League"]
[White "Szotkowski, Jakub"]
[Black "Machlowski, Slawomir"]
[Site "Sypniewo"]
[Round "7.1"]
[Result "1-0"]
[Date "2021.09.10"]
[WhiteElo "2353"]
[BlackElo "2063"]
[PlyCount "77"]
[EventDate "2021.09.04"]
[EventType "team-swiss"]
[EventRounds "9"]
[EventCountry "POL"]
[SourceTitle "CBM 204 Extra"]
[Source "ChessBase"]
[SourceDate "2021.11.30"]
[SourceVersion "1"]
[SourceVersionDate "2021.11.30"]
[SourceQuality "1"]
[WhiteTeam "Kopernik WKS"]
[BlackTeam "Radkow Giecek"]
[WhiteTeamCountry "POL"]
[BlackTeamCountry "POL"]

1. d4 e6 2. g3 Nf6 3. c4 d5 4. Bg2 Bb4+ 5. Bd2 c5 6. Bxb4 cxb4 7. Nf3 0-0 8. 0-0 Bd7 9. Qb3 Qe7 10. e3 dxc4 11. Qxc4 Rc8 12. Qd3 a6 13. a4 Ra7 14. Ne5 Be8 15. Nd2 b6 16. Ndc4 Qd8 17. Qb3 a5 18. Rfd1 b5 19. axb5 Bxb5 20. e4 Nc6 21. Nxc6 Rxc6 22. Ne3 Rc8 23. e5 Nd7 24. Bf1 Qb6 25. Bc4 Rac7 26. Bxb5 Qxb5 27. Qa4 Qe2 28. Qxa5 Qxb2 29. Rab1 Qe2 30. Qxb4 h5 31. Qd2 Qf3 32. h4 g6 33. Rdc1 Qe4 34. Re1 Qc6 35. Qb4 Qf3 36. Qb2 Kg7 37. Rec1 Rb8 38. Rxc7 Rxb2 39. Rxb2 1-0

[Event "POL-chT 2nd League"]
[White "Garbowski, Jakub"]
[Black "Machlowski, Slawomir"]
[Site "Poronin"]
[Round "5.15"]
[Result "1-0"]
[Date "2020.09.09"]
[WhiteElo "2139"]
[BlackElo "2098"]
[PlyCount "77"]
[EventDate "2020.09.05"]
[EventType "team-swiss"]
[EventRounds "9"]
[EventCountry "POL"]
[SourceTitle "CBM 198 Extra"]
[Source "ChessBase"]
[SourceDate "2020.11.30"]
[SourceVersion "1"]
[SourceVersionDate "2020.11.30"]
[SourceQuality "1"]
[WhiteTeam "Jaworzno"]
[BlackTeam "Radkow Giecek"]
[WhiteTeamCountry "POL"]
[BlackTeamCountry "POL"]

1. e4 e6 2. d4 d5 3. Nd2 c5 4. exd5 exd5 5. Ngf3 Nf6 6. Bb5+ Bd7 7. Bxd7+ Nbxd7 8. 0-0 Be7 9. dxc5 Nxc5 10. Nd4 Qd7 11. Qf3 0-0 12. Nf5 Bd8 13. Nb3 Nce4 14. Be3 g6 15. Ng3 Bc7 16. Rad1 Qe6 17. Nd4 Qe5 18. Nb5 Bb6 19. Bd4 Bxd4 20. Nxd4 Qc7 21. Qb3 Rac8 22. c3 Nc5 23. Qc2 a6 24. Qd2 Nce4 25. Qh6 Qd7 26. Nf3 Ng4 27. Nxe4 Qf5 28. Qh4 dxe4 29. Nd4 Qd7 30. h3 Ne5 31. Qxe4 Nc4 32. b3 Nd6 33. Qf3 Qc7 34. c4 b5 35. cxb5 axb5 36. Qf4 Rfd8 37. Rc1 Qa5 38. Rxc8 Nxc8 39. Nc6 1-0

[Event "POL-chT 2nd League"]
[White "Ziemniak, Piotr"]
[Black "Machlowski, Slawomir"]
[Site "Poronin"]
[Round "3.16"]
[Result "1/2-1/2"]
[Date "2020.09.07"]
[WhiteElo "1741"]
[BlackElo "2098"]
[PlyCount "76"]
[EventDate "2020.09.05"]
[EventType "team-swiss"]
[EventRounds "9"]
[EventCountry "POL"]
[SourceTitle "CBM 198 Extra"]
[Source "ChessBase"]
[SourceDate "2020.11.30"]
[SourceVersion "1"]
[SourceVersionDate "2020.11.30"]
[SourceQuality "1"]
[WhiteTeam "Rzeszow RzKSz"]
[BlackTeam "Radkow Giecek"]
[WhiteTeamCountry "POL"]
[BlackTeamCountry "POL"]

1. e4 c5 2. Nf3 e6 3. d4 cxd4 4. Nxd4 Qb6 5. Nb3 Qc7 6. Nc3 a6 7. Bd3 d6 8. 0-0 Nf6 9. f4 Nbd7 10. Qe2 Be7 11. Bd2 0-0 12. Rae1 Nc5 13. Nxc5 Qxc5+ 14. Kh1 e5 15. f5 b5 16. b4 Qc7 17. Nd5 Qd8 18. Nxe7+ Qxe7 19. g4 d5 20. g5 Nxe4 21. f6 Qd7 22. fxg7 Kxg7 23. Bxe4 dxe4 24. Qf2 e3 25. Rxe3 Bb7+ 26. Kg1 Qd5 27. Qe2 Rac8 28. Bc3 Qh1+ 29. Kf2 Qxh2+ 30. Ke1 Qxe2+ 31. Kxe2 Kg8 32. Rd1 Rc4 33. Bxe5 Rxc2+ 34. Rd2 Rfc8 35. Bf6 Bd5 36. Rxc2 Rxc2+ 37. Kd3 Rc8 38. a3 Kf8 1/2-1/2

[Event "CZE-chT1E 1819"]
[White "Taus, Martin"]
[Black "Machlowski, Slawomir"]
[Site "Czech Republic"]
[Round "9.4"]
[Result "1/2-1/2"]
[Date "2019.03.03"]
[WhiteElo "2108"]
[BlackElo "2097"]
[PlyCount "67"]
[EventDate "2018.10.21"]
[EventType "team-tourn"]
[EventRounds "11"]
[EventCountry "CZE"]
[SourceTitle "CBM 189 Extra"]
[Source "ChessBase"]
[SourceDate "2019.05.31"]
[SourceVersion "1"]
[SourceVersionDate "2019.05.31"]
[SourceQuality "1"]
[WhiteTeam "Frydek Mistek II"]
[BlackTeam "Rychnov nad Kneznou"]
[WhiteTeamCountry "CZE"]
[BlackTeamCountry "CZE"]

1. e4 e6 2. d4 c5 3. c3 d5 4. exd5 exd5 5. Nf3 Bd6 6. Bb5+ Nc6 7. dxc5 Bxc5 8. 0-0 Nge7 9. Nbd2 0-0 10. Nb3 Bd6 11. Nbd4 Qc7 12. h3 Bd7 13. Re1 Ng6 14. Bd3 Nce7 15. Nb5 Bxb5 16. Bxb5 Bc5 17. Be3 Rfd8 18. Bxc5 Qxc5 19. Nd4 Nc6 20. Bxc6 bxc6 21. Qa4 Rdc8 22. Re3 Qb6 23. Rae1 h6 24. Nf5 Rc7 25. Re8+ Rxe8 26. Rxe8+ Kh7 27. Qc2 Rb7 28. b3 Rb8 29. Qe2 Qc7 30. Rxb8 Qxb8 31. g3 Qd8 32. Qe3 Qd7 33. Nd4 Ne7 34. Kg2 1/2-1/2

[Event "CZE-chT1E 1819"]
[White "Machlowski, Slawomir"]
[Black "Kanovsky, David"]
[Site "Czech Republic"]
[Round "5.2"]
[Result "0-1"]
[Date "2019.01.06"]
[WhiteElo "2097"]
[BlackElo "2414"]
[PlyCount "36"]
[EventDate "2018.10.21"]
[EventType "team-tourn"]
[EventRounds "11"]
[EventCountry "CZE"]
[SourceTitle "CBM 188 Extra"]
[Source "ChessBase"]
[SourceDate "2019.02.28"]
[SourceVersion "1"]
[SourceVersionDate "2019.02.28"]
[SourceQuality "1"]
[WhiteTeam "Rychnov nad Kneznou"]
[BlackTeam "Stare Mesto"]
[WhiteTeamCountry "CZE"]
[BlackTeamCountry "CZE"]

1. g3 c5 2. Bg2 Nc6 3. c4 g6 4. Nc3 Bg7 5. Nh3 h5 6. Nf4 h4 7. d3 d6 8. e3 Nf6 9. Bd2 Kf8 10. Qb3 Ne5 11. d4 h3 12. dxe5 hxg2 13. Nxg2 dxe5 14. f3 e4 15. Nxe4 Nxe4 16. fxe4 Bg4 17. Nh4 Bf6 18. h3 Rxh4 0-1

[Event "CZE-chT1E 1718"]
[White "Machlowski, Slawomir"]
[Black "Mrazek, Lumir"]
[Site "Czech Republic"]
[Round "8.6"]
[Result "0-1"]
[Date "2018.02.18"]
[WhiteElo "2137"]
[BlackElo "2278"]
[PlyCount "92"]
[EventDate "2017.10.22"]
[EventType "team-tourn"]
[EventRounds "11"]
[EventCountry "CZE"]
[SourceTitle "EXT 2019"]
[Source "ChessBase"]
[SourceDate "2018.10.10"]
[SourceVersion "1"]
[SourceVersionDate "2018.10.10"]
[SourceQuality "1"]
[WhiteTeam "Rychnov nad Kneznou"]
[BlackTeam "Cesky Tesin"]
[WhiteTeamCountry "CZE"]
[BlackTeamCountry "CZE"]

1. g3 Nf6 2. Bg2 c5 3. c4 Nc6 4. Nc3 e6 5. e4 Be7 6. Nge2 0-0 7. 0-0 d6 8. h3 a6 9. d3 Rb8 10. Be3 b5 11. b3 b4 12. Na4 e5 13. f4 Qa5 14. Qe1 Bd7 15. Nb2 h6 16. Nd1 Nh7 17. Bd2 exf4 18. a4 Bf6 19. Ra2 fxg3 20. Qxg3 Be5 21. Bf4 Qd8 22. Ne3 Bxf4 23. Rxf4 Qg5 24. Qh2 Qe5 25. Nd5 Be6 26. Qg3 Bxd5 27. exd5 Na5 28. d4 cxd4 29. Nxd4 g5 30. Rg4 f5 31. Re2 Qh8 32. Qxd6 fxg4 33. Ne6 Qa1+ 34. Kh2 Nb7 35. Qc7 Rfc8 36. Qe7 Qf6 37. Qxb4 Nc5 38. Qe1 Nxe6 39. dxe6 Qf4+ 40. Kh1 gxh3 41. Bd5 Nf6 42. e7+ Kg7 43. Re3 Nxd5 44. cxd5 Rc2 45. Qg1 Rg2 46. Qa1+ Kf7 0-1

[Event "CZE-chT1E 1718"]
[White "Karlik, Ondrej"]
[Black "Machlowski, Slawomir"]
[Site "Czech Republic"]
[Round "7.2"]
[Result "1-0"]
[Date "2018.02.04"]
[WhiteElo "2193"]
[BlackElo "2137"]
[PlyCount "93"]
[EventDate "2017.10.22"]
[EventType "team-tourn"]
[EventRounds "11"]
[EventCountry "CZE"]
[SourceTitle "EXT 2019"]
[Source "ChessBase"]
[SourceDate "2018.10.10"]
[SourceVersion "1"]
[SourceVersionDate "2018.10.10"]
[SourceQuality "1"]
[WhiteTeam "Hostalkova"]
[BlackTeam "Rychnov nad Kneznou"]
[WhiteTeamCountry "CZE"]
[BlackTeamCountry "CZE"]

1. e4 e6 2. Nc3 c5 3. g3 d6 4. Bg2 Nf6 5. d3 a6 6. f4 Qc7 7. Nf3 Nbd7 8. 0-0 Be7 9. h3 0-0 10. g4 Rd8 11. Ne2 c4 12. Be3 e5 13. g5 Nh5 14. Nc3 Qa5 15. Nd5 Bf8 16. Nd2 Nxf4 17. Nxc4 Qb5 18. a4 Qc6 19. Na5 Nxd5 20. Nxc6 Nxe3 21. Qf3 bxc6 22. Qxe3 Be7 23. Kh1 Nf8 24. Qg3 Ng6 25. Rae1 Nf4 26. Rxf4 exf4 27. Qxf4 Be6 28. b3 Rab8 29. h4 Rb4 30. Qf2 Rd7 31. Rf1 Bd8 32. Qg3 d5 33. Bh3 Bc7 34. e5 Re7 35. Bxe6 Rxe6 36. Qf2 Re7 37. d4 Rb8 38. Qf3 Ba5 39. Qd3 Ra7 40. h5 Re8 41. g6 fxg6 42. hxg6 h6 43. Rf3 Bb4 44. c3 Ba5 45. b4 Bb6 46. Qf1 Raa8 47. Rf7 1-0

[Event "CZE-chT1E 1718"]
[White "Fargac, Martin"]
[Black "Machlowski, Slawomir"]
[Site "Czech Republic"]
[Round "4.4"]
[Result "1/2-1/2"]
[Date "2017.12.10"]
[WhiteElo "2238"]
[BlackElo "2137"]
[PlyCount "63"]
[EventDate "2017.10.22"]
[EventType "team-tourn"]
[EventRounds "11"]
[EventCountry "CZE"]
[SourceTitle "EXT 2019"]
[Source "ChessBase"]
[SourceDate "2018.10.10"]
[SourceVersion "1"]
[SourceVersionDate "2018.10.10"]
[SourceQuality "1"]
[WhiteTeam "Trinec"]
[BlackTeam "Rychnov nad Kneznou"]
[WhiteTeamCountry "CZE"]
[BlackTeamCountry "CZE"]

1. d4 c5 2. e3 e6 3. Nf3 Nf6 4. b3 Qc7 5. Bb2 b6 6. Be2 Bb7 7. c4 d6 8. 0-0 Nbd7 9. Nc3 Rd8 10. d5 e5 11. Nd2 Be7 12. Kh1 Nf8 13. f4 exf4 14. exf4 Ng6 15. Nce4 Nxe4 16. Nxe4 f5 17. Ng3 0-0 18. Bd3 Bc8 19. Qc2 Qd7 20. Rae1 Bh4 21. Re6 Bxg3 22. hxg3 Qf7 23. Re3 Rfe8 24. Rfe1 Rxe3 25. Rxe3 Kf8 26. Qe2 Ne7 27. Kg1 Ng8 28. g4 Nh6 29. gxf5 Nxf5 30. Bxf5 Bxf5 31. Qe1 Rd7 32. Qh4 1/2-1/2

[Event "POL-chT3 Dolnoslaskie 1718"]
[White "Machlowski, Slawomir"]
[Black "Lewandowski, Wiktor"]
[Site "Poland"]
[Round "4.28"]
[Result "1/2-1/2"]
[Date "2017.11.19"]
[WhiteElo "2137"]
[BlackElo "1490"]
[PlyCount "80"]
[EventDate "2017.10.08"]
[EventType "team-tourn"]
[EventRounds "11"]
[EventCountry "POL"]
[SourceTitle "EXT 2019"]
[Source "ChessBase"]
[SourceDate "2018.10.10"]
[SourceVersion "1"]
[SourceVersionDate "2018.10.10"]
[SourceQuality "1"]

1. g3 c5 2. c4 Nc6 3. Bg2 e5 4. Nc3 g6 5. e3 Bg7 6. Nge2 Nge7 7. 0-0 0-0 8. a3 d6 9. Rb1 a5 10. Nd5 Rb8 11. Nec3 Be6 12. d3 Kh8 13. b4 axb4 14. axb4 Bxd5 15. Nxd5 Nxd5 16. Bxd5 Nxb4 17. Bg2 b5 18. Rb3 bxc4 19. dxc4 Qc7 20. Bd2 Nc6 21. Ra3 h6 22. Bc3 Nb4 23. Qa1 Nc2 24. Ra7 Nxa1 25. Rxc7 Nc2 26. Rc1 Nb4 27. Rd1 Rbd8 28. Rb7 f5 29. e4 Nc2 30. Ba5 Rb8 31. exf5 Rxb7 32. Bxb7 gxf5 33. Rxd6 Nd4 34. Rd7 e4 35. g4 fxg4 36. Bxe4 Nf3+ 37. Kg2 Ng5 38. Bg6 Bd4 39. Kg3 Rf6 40. Be8 Rf8 1/2-1/2